Loading...
| Literature - World | 0 | 3 | 0 | 0 | 30 | 109 | 119.00 | 0 | 2 | 0.00 | 0.00 |
| Mythology | 0 | 4 | 3 | 1 | 25 | 61 | 87.75 | 2 | 4 | 0.00 | 0.00 |
| Religion | 0 | 1 | 0 | 0 | 10 | 125 | 125.00 | 0 | 1 | 0.00 | 0.00 |
| History - American | 0 | 1 | 0 | 0 | 10 | 77 | 77.00 | 0 | 1 | 0.00 | 0.00 |
| Literature - European | 0 | 1 | 0 | 0 | 10 | 127 | 127.00 | 0 | 1 | 0.00 | 0.00 |
| Science - Biology | 0 | 1 | 1 | 0 | 5 | 114 | 114.00 | 0 | 1 | 0.00 | 0.00 |
| History - World | 0 | 1 | 1 | 1 | 5 | 134 | 134.00 | 0 | 1 | 0.00 | 0.00 |
| Science - Chemistry | 0 | 0 | 0 | 0 | 0 | 0.00 | 0 | 0 | 0.00 | 0.00 | |
| Literature - American | 0 | 0 | 0 | 0 | 0 | 0.00 | 0 | 0 | 0.00 | 0.00 | |
| Fine Arts - Other | 0 | 0 | 0 | 0 | 0 | 0.00 | 0 | 0 | 0.00 | 0.00 | |
| Fine Arts - Painting and Sculpture | 0 | 0 | 1 | 0 | -5 | 0.00 | 0 | 0 | 0.00 | 0.00 | |
| History - European | 0 | 0 | 1 | 0 | -5 | 0.00 | 0 | 0 | 0.00 | 0.00 |